00547nam a22001577a 4500020001800000040000900018082001500027100003100042110003500073245004300108260005200151650005100203942001200254999001900266952010400285 a9780750674614 cNUST a658.2bSMI aSmith , Anthony M 9123489 aHinchcliffe , Glenn .R9123490 aRCM Gateway To World Class Maintenance aLondon:bElsevier Butterworth-Heinemann,c2004. aRCM Gateway To World Class Maintenance9123491 2ddccBK c609665d609665 00102ddc4070aCEMEbCEMEcGENd2024-06-11l0o658.2 SMIpCEME- 49331r2024-06-11w2024-06-11yBK